000 00355nam a22001457a 4500
999 _c259396
_d259395
003 OSt
005 20220926151641.0
008 220926b xxu||||| |||| 00| 0 eng d
020 _a9780199692330
040 _clcc
100 _aPeter Cane
245 _aAdministrative law
260 _aGreat Clarendon street
_bOxford university
_c2011
942 _2lcc
_cBK